00480nam a2200181Ia 4500008004100000020001800041050001400059100001800073245002100091245005900112260001500171260001600186260000900202300001500211300002000226300001000246650004200256180207s9999 xx 000 0 und d a9780590113519 bP519 1999 aPeyton, K. M. 4aThe pied piper / cretold by K. M. Peyton ; illustrated by Victor Ambrus. aNew York : bScholastic, c1999 a44 pages : billustrations ; c19cm. aThe story to read or tell for just 1.